[Event "Deutsche Ländermeisterschaft 2022"]
[Site "Wiesbaden GER"]
[Date "2022.10.04"]
[Round "7"]
[White "Bornholdt, Joa Max"]
[Black "Stelmaszyk, Nico"]
[Result "1/2-1/2"]
[Termination "normal"]
[Board "3.1"]
[BlackTitle "FM"]
[WhiteElo "2196"]
[BlackElo "2355"]
[WhiteClock "00:28:35"]
[BlackClock "00:51:04"]
[WhiteTeam "Schleswig-Holstein"]
[BlackTeam "Niedersachsen"]
[PlyCount "44"]
[WhiteFideId "16253477"]
[BlackFideId "16200462"]
[EventCountry "GER"]
[EventRounds "7"]
[EventType "team-swiss"]
[EventDate "2022.09.30"]

1. d4 {[%clk 1:30:41]} d5 {[%clk 1:29:57]} 2. c4 {[%clk 1:31:03]} e6 {[%clk
1:30:22]} 3. Nc3 {[%clk 1:31:29]} c5 {[%clk 1:30:47]} 4. cxd5 {[%clk 1:31:30]}
exd5 {[%clk 1:30:54]} 5. Nf3 {[%clk 1:31:26]} Nf6 {[%clk 1:31:18]} 6. g3 {[%clk
1:31:52]} Nc6 {[%clk 1:31:42]} 7. Bg2 {[%clk 1:31:25]} cxd4 {[%clk 1:32:07]} 8.
Nxd4 {[%clk 1:31:49]} Bc5 {[%clk 1:32:33]} 9. Nb3 {[%clk 1:18:52]} Bb6 {[%clk
1:32:56]} 10. O-O {[%clk 1:17:06]} d4 {[%clk 1:30:58]} 11. Na4 {[%clk 1:17:18]}
O-O {[%clk 1:29:29]} 12. Bg5 {[%clk 1:09:44]} Be6 {[%clk 1:24:26]} 13. Nbc5
{[%clk 0:51:32]} Bxc5 {[%clk 1:17:58]} 14. Nxc5 {[%clk 0:51:40]} Qb6 {[%clk
1:18:18]} 15. Rc1 {[%clk 0:49:11]} Qxb2 {[%clk 1:12:36]} 16. Bxf6 {[%clk
0:43:52]} gxf6 {[%clk 1:12:59]} 17. Nxe6 {[%clk 0:43:29]} fxe6 {[%clk 1:13:23]}
18. Rb1 {[%clk 0:43:11]} Qxa2 {[%clk 1:11:28]} 19. Rxb7 {[%clk 0:41:17]} Ne5
{[%clk 1:02:00]} 20. Qxd4 {[%clk 0:36:42]} Qxe2 {[%clk 0:55:33]} 21. Qh4 {[%clk
0:33:26]} h5 {[%clk 0:54:46]} 22. Qb4 {[%clk 0:28:35]} Rae8 {[%clk 0:51:04]}
1/2-1/2

[Event "Deutsche Ländermeisterschaft 2022"]
[Site "Wiesbaden GER"]
[Date "2022.10.04"]
[Round "7"]
[White "Pubantz, Jan"]
[Black "Sommer, Justus"]
[Result "1-0"]
[Termination "normal"]
[Board "3.2"]
[WhiteElo "2273"]
[BlackElo "2122"]
[WhiteClock "00:30:16"]
[BlackClock "00:47:40"]
[WhiteTeam "Niedersachsen"]
[BlackTeam "Schleswig-Holstein"]
[PlyCount "39"]
[WhiteFideId "12996114"]
[BlackFideId "16245008"]
[EventCountry "GER"]
[EventRounds "7"]
[EventType "team-swiss"]
[EventDate "2022.09.30"]

1. d4 {[%clk 1:30:58]} d5 {[%clk 1:30:52]} 2. c4 {[%clk 1:31:25]} e6 {[%clk
1:31:14]} 3. Nf3 {[%clk 1:31:46]} Nf6 {[%clk 1:31:32]} 4. g3 {[%clk 1:32:07]}
Be7 {[%clk 1:31:38]} 5. Bg2 {[%clk 1:32:30]} O-O {[%clk 1:31:47]} 6. Nc3 {[%clk
1:32:54]} Nbd7 {[%clk 1:28:21]} 7. Qd3 {[%clk 1:32:30]} b6 {[%clk 1:26:15]} 8.
cxd5 {[%clk 1:31:59]} exd5 {[%clk 1:24:05]} 9. O-O {[%clk 1:29:55]} Bb7 {[%clk
1:23:12]} 10. Bf4 {[%clk 1:28:38]} a6 {[%clk 1:21:31]} 11. Rac1 {[%clk
1:26:51]} Rc8 {[%clk 1:19:02]} 12. Rfd1 {[%clk 1:15:58]} Ne4 {[%clk 1:16:54]}
13. Ne5 {[%clk 1:09:37]} f5 {[%clk 1:12:31]} 14. Nxe4 {[%clk 0:49:23]} fxe4
{[%clk 1:11:17]} 15. Qb3 {[%clk 0:47:52]} Kh8 {[%clk 1:03:10]} 16. Bh3 {[%clk
0:38:38]} g5 {[%clk 0:54:55]} 17. Nxd7 {[%clk 0:36:57]} Rxf4 {[%clk 0:52:20]}
18. gxf4 {[%clk 0:36:40]} Qg8 {[%clk 0:48:31]} 19. Kh1 {[%clk 0:34:58]} Bd6
{[%clk 0:47:40]} 20. Ne5 {[%clk 0:30:16]} 1-0

[Event "Deutsche Ländermeisterschaft 2022"]
[Site "Wiesbaden GER"]
[Date "2022.10.04"]
[Round "7"]
[White "Bosselmann, Tom Linus"]
[Black "von Mettenheim, Johannes"]
[Result "1/2-1/2"]
[Termination "normal"]
[Board "3.3"]
[WhiteElo "2061"]
[BlackElo "2231"]
[WhiteClock "00:06:39"]
[BlackClock "00:28:07"]
[WhiteTeam "Schleswig-Holstein"]
[BlackTeam "Niedersachsen"]
[PlyCount "75"]
[WhiteFideId "12983845"]
[BlackFideId "16244818"]
[EventCountry "GER"]
[EventRounds "7"]
[EventType "team-swiss"]
[EventDate "2022.09.30"]

1. d4 {[%clk 1:30:57]} Nf6 {[%clk 1:30:50]} 2. c4 {[%clk 1:31:16]} e6 {[%clk
1:31:14]} 3. Nf3 {[%clk 1:31:23]} d5 {[%clk 1:31:37]} 4. Nc3 {[%clk 1:30:59]}
dxc4 {[%clk 1:31:11]} 5. e4 {[%clk 1:24:46]} Bb4 {[%clk 1:30:32]} 6. Bxc4
{[%clk 1:21:52]} Nxe4 {[%clk 1:30:47]} 7. O-O {[%clk 1:22:07]} Nxc3 {[%clk
1:31:06]} 8. bxc3 {[%clk 1:22:29]} Be7 {[%clk 1:31:10]} 9. Ne5 {[%clk 1:22:35]}
Nd7 {[%clk 1:30:30]} 10. Qg4 {[%clk 1:14:38]} Nxe5 {[%clk 1:29:31]} 11. dxe5
{[%clk 1:14:50]} g6 {[%clk 1:29:08]} 12. Rd1 {[%clk 1:09:46]} Bd7 {[%clk
1:29:28]} 13. Rd3 {[%clk 1:06:02]} c5 {[%clk 1:15:35]} 14. Bb5 {[%clk 0:55:29]}
Bxb5 {[%clk 1:15:58]} 15. Rxd8+ {[%clk 0:55:56]} Rxd8 {[%clk 1:16:08]} 16. Bh6
{[%clk 0:54:07]} Bc6 {[%clk 1:00:57]} 17. Rd1 {[%clk 0:53:16]} f5 {[%clk
0:56:44]} 18. exf6 {[%clk 0:52:28]} Rxd1+ {[%clk 0:57:07]} 19. Qxd1 {[%clk
0:52:53]} Bxf6 {[%clk 0:57:29]} 20. Qd6 {[%clk 0:48:35]} Kf7 {[%clk 0:57:52]}
21. Qc7+ {[%clk 0:45:39]} Be7 {[%clk 0:58:06]} 22. Bg5 {[%clk 0:45:13]} Re8
{[%clk 0:58:30]} 23. Qf4+ {[%clk 0:45:15]} Kg8 {[%clk 0:56:12]} 24. Bh6 {[%clk
0:40:25]} Rd8 {[%clk 0:48:26]} 25. f3 {[%clk 0:39:20]} Bf8 {[%clk 0:45:47]} 26.
Bxf8 {[%clk 0:37:17]} Rxf8 {[%clk 0:46:07]} 27. Qd6 {[%clk 0:37:27]} Bd5 {[%clk
0:41:29]} 28. Qxc5 {[%clk 0:36:30]} Bxa2 {[%clk 0:40:49]} 29. Qxa7 {[%clk
0:36:10]} Bd5 {[%clk 0:41:14]} 30. Qc5 {[%clk 0:33:01]} Rf4 {[%clk 0:41:08]}
31. Qc8+ {[%clk 0:33:22]} Rf8 {[%clk 0:41:31]} 32. Qc5 {[%clk 0:33:42]} Rf4
{[%clk 0:41:55]} 33. Qc8+ {[%clk 0:27:33]} Rf8 {[%clk 0:42:18]} 34. Qc7 {[%clk
0:27:38]} b5 {[%clk 0:42:31]} 35. Kf2 {[%clk 0:25:42]} Bc4 {[%clk 0:36:46]} 36.
Kg3 {[%clk 0:25:11]} Rf5 {[%clk 0:35:16]} 37. h3 {[%clk 0:21:10]} Rd5 {[%clk
0:28:07]} 38. Qb8+ {[%clk 0:06:39]} 1/2-1/2

[Event "Deutsche Ländermeisterschaft 2022"]
[Site "Wiesbaden GER"]
[Date "2022.10.04"]
[Round "7"]
[White "Kieselbach, Jannik"]
[Black "Falke, Ornella"]
[Result "1/2-1/2"]
[Termination "normal"]
[Board "3.4"]
[WhiteElo "1848"]
[BlackElo "1953"]
[WhiteClock "00:04:45"]
[BlackClock "00:05:49"]
[WhiteTeam "Niedersachsen"]
[BlackTeam "Schleswig-Holstein"]
[PlyCount "136"]
[WhiteFideId "16246403"]
[BlackFideId "16207092"]
[EventCountry "GER"]
[EventRounds "7"]
[EventType "team-swiss"]
[EventDate "2022.09.30"]

1. e4 {[%clk 1:30:57]} c5 {[%clk 1:30:55]} 2. Nf3 {[%clk 1:31:21]} d6 {[%clk
1:31:19]} 3. d4 {[%clk 1:31:46]} cxd4 {[%clk 1:31:44]} 4. Nxd4 {[%clk 1:32:11]}
Nf6 {[%clk 1:32:08]} 5. Nc3 {[%clk 1:32:30]} a6 {[%clk 1:32:29]} 6. f3 {[%clk
1:32:49]} e5 {[%clk 1:32:45]} 7. Nb3 {[%clk 1:33:13]} Be6 {[%clk 1:32:47]} 8.
Be3 {[%clk 1:33:33]} Be7 {[%clk 1:33:02]} 9. Qd2 {[%clk 1:33:55]} h5 {[%clk
1:33:17]} 10. O-O-O {[%clk 1:34:08]} Nbd7 {[%clk 1:33:34]} 11. Kb1 {[%clk
1:33:55]} Rc8 {[%clk 1:33:32]} 12. Nd5 {[%clk 1:31:53]} Nxd5 {[%clk 1:31:36]}
13. exd5 {[%clk 1:32:15]} Bf5 {[%clk 1:32:00]} 14. Bd3 {[%clk 1:32:15]} Bxd3
{[%clk 1:31:56]} 15. Qxd3 {[%clk 1:32:20]} Bg5 {[%clk 1:31:23]} 16. Rhf1 {[%clk
1:31:17]} Bxe3 {[%clk 1:19:45]} 17. Qxe3 {[%clk 1:31:39]} O-O {[%clk 1:17:20]}
18. f4 {[%clk 1:21:25]} a5 {[%clk 1:12:12]} 19. Qh3 {[%clk 1:11:57]} Qc7 {[%clk
1:06:01]} 20. Rd2 {[%clk 1:09:36]} a4 {[%clk 1:05:12]} 21. Nc1 {[%clk 1:07:34]}
exf4 {[%clk 0:56:19]} 22. Rxf4 {[%clk 0:52:28]} Nf6 {[%clk 0:32:12]} 23. Rxa4
{[%clk 0:35:32]} Rfe8 {[%clk 0:31:54]} 24. Qd3 {[%clk 0:34:09]} Re5 {[%clk
0:31:10]} 25. Rd4 {[%clk 0:28:27]} Rce8 {[%clk 0:28:56]} 26. Re2 {[%clk
0:27:03]} Qc5 {[%clk 0:25:51]} 27. Rxe5 {[%clk 0:17:24]} dxe5 {[%clk 0:25:03]}
28. Ra4 {[%clk 0:14:08]} e4 {[%clk 0:21:17]} 29. Qd4 {[%clk 0:13:55]} Qxd5
{[%clk 0:20:51]} 30. Qxd5 {[%clk 0:03:38]} Nxd5 {[%clk 0:21:16]} 31. Ne2 {[%clk
0:03:58]} f5 {[%clk 0:17:33]} 32. Rd4 {[%clk 0:03:47]} Nf6 {[%clk 0:15:33]} 33.
Kc1 {[%clk 0:03:29]} Kf7 {[%clk 0:13:16]} 34. Rc4 {[%clk 0:02:17]} g5 {[%clk
0:11:48]} 35. Rc7+ {[%clk 0:01:51]} Re7 {[%clk 0:07:59]} 36. Rxe7+ {[%clk
0:02:02]} Kxe7 {[%clk 0:08:25]} 37. a4 {[%clk 0:02:03]} f4 {[%clk 0:08:46]} 38.
Kd2 {[%clk 0:01:42]} Kd6 {[%clk 0:07:31]} 39. c4 {[%clk 0:01:18]} f3 {[%clk
0:04:31]} 40. gxf3 {[%clk 0:01:25]} exf3 {[%clk 0:04:54]} 41. Ng3 {[%clk
0:25:18]} h4 {[%clk 0:18:04]} 42. Nf1 {[%clk 0:25:23]} Kc5 {[%clk 0:13:13]} 43.
Kc3 {[%clk 0:24:26]} Ne4+ {[%clk 0:13:35]} 44. Kd3 {[%clk 0:24:09]} Nd6 {[%clk
0:13:26]} 45. b3 {[%clk 0:23:34]} Kb4 {[%clk 0:09:00]} 46. Kd4 {[%clk 0:19:30]}
Kxb3 {[%clk 0:09:00]} 47. Nd2+ {[%clk 0:19:30]} Kxa4 {[%clk 0:09:18]} 48. Nxf3
{[%clk 0:19:04]} Nf5+ {[%clk 0:07:48]} 49. Kc5 {[%clk 0:18:07]} g4 {[%clk
0:07:58]} 50. Ne5 {[%clk 0:16:51]} Ne3 {[%clk 0:07:06]} 51. Kd4 {[%clk
0:15:24]} Nf5+ {[%clk 0:07:18]} 52. Ke4 {[%clk 0:13:24]} g3 {[%clk 0:06:03]}
53. hxg3 {[%clk 0:12:11]} h3 {[%clk 0:05:18]} 54. Kf3 {[%clk 0:11:02]} h2
{[%clk 0:04:38]} 55. Kg2 {[%clk 0:11:14]} Nxg3 {[%clk 0:04:52]} 56. Kxh2 {[%clk
0:11:36]} Ne4 {[%clk 0:05:10]} 57. Kg2 {[%clk 0:11:26]} Kb4 58. Kf3 {[%clk
0:11:11]} Nd2+ {[%clk 0:05:41]} 59. Ke2 {[%clk 0:11:36]} Nxc4 {[%clk 0:06:04]}
60. Nd7 {[%clk 0:10:33]} b5 {[%clk 0:05:40]} 61. Kd1 {[%clk 0:10:15]} Kc3 62.
Nc5 {[%clk 0:04:22]} Nb2+ {[%clk 0:04:55]} 63. Kc1 {[%clk 0:04:50]} Nc4 {[%clk
0:04:35]} 64. Na6 {[%clk 0:05:07]} Ne5 {[%clk 0:04:28]} 65. Nc7 {[%clk
0:04:31]} Nd3+ {[%clk 0:04:41]} 66. Kb1 {[%clk 0:04:57]} b4 {[%clk 0:04:58]}
67. Nd5+ {[%clk 0:05:09]} Kc4 {[%clk 0:05:25]} 68. Nxb4 {[%clk 0:04:45]} Nxb4
{[%clk 0:05:49]} 1/2-1/2

[Event "Deutsche Ländermeisterschaft 2022"]
[Site "Wiesbaden GER"]
[Date "2022.10.04"]
[Round "7"]
[White "Malinowsky, Levi"]
[Black "Nechitaylo, Nikita"]
[Result "1/2-1/2"]
[Termination "normal"]
[Board "3.5"]
[WhiteElo "1879"]
[BlackElo "1651"]
[WhiteClock "00:01:24"]
[BlackClock "00:00:56"]
[WhiteTeam "Schleswig-Holstein"]
[BlackTeam "Niedersachsen"]
[PlyCount "156"]
[WhiteFideId "16253094"]
[BlackFideId "34138161"]
[EventCountry "GER"]
[EventRounds "7"]
[EventType "team-swiss"]
[EventDate "2022.09.30"]

1. e4 {[%clk 1:30:57]} c5 {[%clk 1:30:59]} 2. Nf3 {[%clk 1:31:20]} Nc6 {[%clk
1:31:25]} 3. Bb5 {[%clk 1:31:43]} g6 {[%clk 1:31:49]} 4. O-O {[%clk 1:31:49]}
Bg7 {[%clk 1:32:13]} 5. c3 {[%clk 1:31:46]} Nf6 {[%clk 1:31:27]} 6. Re1 {[%clk
1:31:57]} O-O {[%clk 1:31:48]} 7. d4 {[%clk 1:31:26]} cxd4 {[%clk 1:29:28]} 8.
cxd4 {[%clk 1:31:44]} d5 {[%clk 1:29:36]} 9. e5 {[%clk 1:31:55]} Ne4 {[%clk
1:29:10]} 10. Nc3 {[%clk 1:30:56]} Nxc3 {[%clk 1:28:29]} 11. bxc3 {[%clk
1:31:24]} Bg4 {[%clk 1:27:09]} 12. h3 {[%clk 1:27:31]} Bxf3 {[%clk 1:27:17]}
13. Qxf3 {[%clk 1:25:19]} Rc8 {[%clk 1:24:26]} 14. Ba3 {[%clk 1:10:26]} a6
{[%clk 1:15:48]} 15. Ba4 {[%clk 1:06:42]} Na5 {[%clk 1:15:46]} 16. Bb3 {[%clk
0:57:16]} Nc4 {[%clk 1:14:41]} 17. Bc5 {[%clk 0:55:39]} b5 {[%clk 0:53:01]} 18.
Bxc4 {[%clk 0:51:10]} bxc4 {[%clk 0:52:59]} 19. Rab1 {[%clk 0:49:22]} Rc6
{[%clk 0:38:59]} 20. Rb7 {[%clk 0:47:03]} Re8 {[%clk 0:36:06]} 21. Qg4 {[%clk
0:44:55]} e6 {[%clk 0:34:32]} 22. Qf4 {[%clk 0:43:49]} Rc7 {[%clk 0:34:44]} 23.
Rb2 {[%clk 0:38:43]} Bf8 {[%clk 0:33:34]} 24. Bb6 {[%clk 0:35:46]} Qb8 {[%clk
0:33:59]} 25. a4 {[%clk 0:33:53]} Ba3 {[%clk 0:19:53]} 26. Rbb1 {[%clk
0:32:57]} Rb7 {[%clk 0:20:20]} 27. a5 {[%clk 0:32:32]} Be7 {[%clk 0:20:29]} 28.
Re2 {[%clk 0:30:33]} Rc8 {[%clk 0:20:29]} 29. Reb2 {[%clk 0:28:50]} Rc6 {[%clk
0:18:15]} 30. Qd2 {[%clk 0:23:32]} Ba3 {[%clk 0:18:15]} 31. Ra2 {[%clk
0:22:35]} Be7 {[%clk 0:18:35]} 32. Qc2 {[%clk 0:21:23]} Qe8 {[%clk 0:11:12]}
33. Rab2 {[%clk 0:17:31]} Ba3 {[%clk 0:11:00]} 34. Ra2 {[%clk 0:17:55]} Be7
{[%clk 0:11:26]} 35. g3 {[%clk 0:14:35]} Rc8 {[%clk 0:11:13]} 36. h4 {[%clk
0:09:59]} Rcb8 {[%clk 0:11:14]} 37. h5 {[%clk 0:08:25]} Bd8 {[%clk 0:09:52]}
38. Qa4 {[%clk 0:07:03]} Qxa4 {[%clk 0:06:38]} 39. Rxa4 {[%clk 0:07:31]} gxh5
{[%clk 0:07:01]} 40. Rab4 {[%clk 0:06:29]} Be7 {[%clk 0:07:24]} 41. R4b2 {[%clk
0:05:33]} Kf8 {[%clk 0:06:02]} 42. Kg2 Ke8 {[%clk 0:32:34]} 43. Rh1 {[%clk
0:28:26]} h4 {[%clk 0:32:59]} 44. g4 {[%clk 0:26:56]} Kd7 {[%clk 0:32:04]} 45.
Ra2 {[%clk 0:21:56]} Bg5 {[%clk 0:28:32]} 46. f4 {[%clk 0:17:46]} Bd8 {[%clk
0:28:27]} 47. f5 {[%clk 0:16:10]} Bg5 {[%clk 0:10:19]} 48. f6 {[%clk 0:11:47]}
Ke8 {[%clk 0:10:33]} 49. Kf3 {[%clk 0:11:16]} Kf8 {[%clk 0:07:19]} 50. Rhh2
{[%clk 0:10:27]} Kg8 {[%clk 0:07:27]} 51. Rh1 {[%clk 0:09:26]} h6 {[%clk
0:07:52]} 52. Rhh2 {[%clk 0:09:52]} Kh7 {[%clk 0:08:16]} 53. Rag2 {[%clk
0:09:21]} Kg6 {[%clk 0:07:31]} 54. Rh3 {[%clk 0:09:04]} h5 {[%clk 0:05:53]} 55.
gxh5+ {[%clk 0:08:58]} Kxh5 {[%clk 0:06:18]} 56. Rg4 {[%clk 0:08:52]} Rh8
{[%clk 0:03:26]} 57. Rg2 {[%clk 0:07:54]} Rbb8 {[%clk 0:02:03]} 58. Rg4 {[%clk
0:07:22]} Rh6 {[%clk 0:02:10]} 59. Rg2 {[%clk 0:07:00]} Rg6 {[%clk 0:02:18]}
60. Rg4 {[%clk 0:05:50]} Rbg8 {[%clk 0:01:39]} 61. Bc5 {[%clk 0:05:06]} Bxf6
{[%clk 0:01:11]} 62. Rxg6 {[%clk 0:05:20]} Rxg6 {[%clk 0:01:31]} 63. exf6
{[%clk 0:05:20]} Rxf6+ {[%clk 0:02:00]} 64. Kg2 {[%clk 0:05:10]} Kg5 {[%clk
0:02:28]} 65. Be7 {[%clk 0:04:49]} Rh6 {[%clk 0:02:15]} 66. Bd6 {[%clk
0:04:29]} f5 {[%clk 0:01:38]} 67. Bh2 {[%clk 0:03:48]} f4 {[%clk 0:01:27]} 68.
Rf3 {[%clk 0:04:04]} h3+ {[%clk 0:01:09]} 69. Kf2 {[%clk 0:04:29]} Rf6 {[%clk
0:01:25]} 70. Ke2 {[%clk 0:04:34]} Rf8 {[%clk 0:01:23]} 71. Rf1 {[%clk
0:05:10]} Rf7 72. Rb1 {[%clk 0:03:58]} Re7 {[%clk 0:00:32]} 73. Rf1 {[%clk
0:01:03]} e5 {[%clk 0:00:43]} 74. Kd2 {[%clk 0:01:14]} Rb7 {[%clk 0:00:39]} 75.
Kc2 {[%clk 0:01:20]} f3 {[%clk 0:00:32]} 76. Bxe5 {[%clk 0:01:15]} Rb5 {[%clk
0:00:36]} 77. Rg1+ {[%clk 0:01:28]} Kf5 {[%clk 0:00:56]} 78. Rf1 {[%clk
0:01:24]} Kxe5 1/2-1/2

[Event "Deutsche Ländermeisterschaft 2022"]
[Site "Wiesbaden GER"]
[Date "2022.10.04"]
[Round "7"]
[White "Nizamova, Rita"]
[Black "Bräutigam, Katerina"]
[Result "0-1"]
[Termination "normal"]
[Board "3.6"]
[WhiteElo "1813"]
[BlackElo "1873"]
[WhiteClock "00:31:18"]
[BlackClock "00:24:02"]
[WhiteTeam "Niedersachsen"]
[BlackTeam "Schleswig-Holstein"]
[PlyCount "98"]
[WhiteFideId "16221940"]
[BlackFideId "16242980"]
[EventCountry "GER"]
[EventRounds "7"]
[EventType "team-swiss"]
[EventDate "2022.09.30"]

1. e4 {[%clk 1:30:59]} c6 {[%clk 1:30:56]} 2. d4 {[%clk 1:31:26]} d5 {[%clk
1:31:22]} 3. f3 {[%clk 1:31:54]} Qb6 {[%clk 1:31:31]} 4. Nc3 {[%clk 1:31:48]}
e6 {[%clk 1:31:52]} 5. Na4 {[%clk 1:22:11]} Qa5+ {[%clk 1:30:55]} 6. c3 {[%clk
1:22:27]} Nf6 {[%clk 1:29:39]} 7. e5 {[%clk 1:21:11]} Nfd7 {[%clk 1:29:36]} 8.
Be3 {[%clk 1:18:01]} b5 {[%clk 1:22:51]} 9. Nc5 {[%clk 1:13:57]} Nxc5 {[%clk
1:20:01]} 10. dxc5 {[%clk 1:14:13]} b4 {[%clk 1:19:47]} 11. Qd4 {[%clk
1:10:52]} bxc3 {[%clk 1:19:38]} 12. b4 {[%clk 1:08:36]} Qa3 {[%clk 1:11:30]}
13. Bc1 {[%clk 1:06:32]} Qa4 {[%clk 1:11:22]} 14. Qxc3 {[%clk 1:04:58]} a5
{[%clk 1:09:34]} 15. Bd2 {[%clk 0:52:31]} axb4 {[%clk 1:08:38]} 16. Qxb4 {[%clk
0:51:19]} Qxb4 {[%clk 1:04:10]} 17. Bxb4 {[%clk 0:51:48]} Nd7 {[%clk 1:03:51]}
18. f4 {[%clk 0:51:38]} Bxc5 {[%clk 1:02:24]} 19. Bxc5 {[%clk 0:49:59]} Nxc5
{[%clk 1:02:51]} 20. Rc1 {[%clk 0:48:16]} Ra5 {[%clk 1:01:58]} 21. Nf3 {[%clk
0:48:31]} Bd7 {[%clk 0:56:02]} 22. Nd4 {[%clk 0:45:31]} Ke7 {[%clk 0:53:57]}
23. Be2 {[%clk 0:41:05]} Rb8 {[%clk 0:33:50]} 24. O-O {[%clk 0:40:06]} Rb2
{[%clk 0:31:02]} 25. g4 {[%clk 0:25:40]} Rbxa2 {[%clk 0:19:46]} 26. Bb5 {[%clk
0:11:32]} Nb3 {[%clk 0:15:30]} 27. Nxb3 {[%clk 0:11:57]} Rxb5 {[%clk 0:15:50]}
28. Nd4 {[%clk 0:11:59]} Rbb2 {[%clk 0:15:35]} 29. Rf3 {[%clk 0:05:40]} Rg2+
{[%clk 0:14:18]} 30. Kf1 {[%clk 0:05:27]} Rxh2 {[%clk 0:14:00]} 31. Ke1 {[%clk
0:03:48]} Rh1+ {[%clk 0:10:27]} 32. Rf1 {[%clk 0:04:16]} Rxf1+ {[%clk 0:10:39]}
33. Kxf1 {[%clk 0:04:44]} Ra4 {[%clk 0:10:35]} 34. Ne2 {[%clk 0:03:55]} Ra5
{[%clk 0:07:47]} 35. Kf2 {[%clk 0:03:20]} c5 {[%clk 0:07:22]} 36. Nc3 {[%clk
0:02:05]} Bc6 {[%clk 0:06:04]} 37. f5 {[%clk 0:01:11]} d4 {[%clk 0:03:49]} 38.
Ne2 {[%clk 0:01:38]} Bd5 {[%clk 0:02:28]} 39. Nf4 {[%clk 0:01:28]} Bb3 {[%clk
0:01:12]} 40. Rh1 {[%clk 0:00:51]} Ra2+ {[%clk 0:00:44]} 41. Kg3 {[%clk
0:01:19]} h6 {[%clk 0:25:38]} 42. Nh5 {[%clk 0:31:31]} d3 {[%clk 0:24:32]} 43.
Nxg7 {[%clk 0:31:53]} d2 {[%clk 0:24:25]} 44. f6+ {[%clk 0:32:19]} Kd7 {[%clk
0:24:27]} 45. Rxh6 {[%clk 0:30:32]} d1=Q {[%clk 0:24:26]} 46. Rh8 {[%clk
0:30:50]} Qd3+ {[%clk 0:23:10]} 47. Kf4 {[%clk 0:30:49]} Rf2+ {[%clk 0:23:19]}
48. Kg5 {[%clk 0:31:10]} Qe3+ {[%clk 0:23:38]} 49. Kh5 {[%clk 0:31:18]} Rh2#
{[%clk 0:24:02]} 0-1

[Event "Deutsche Ländermeisterschaft 2022"]
[Site "Wiesbaden GER"]
[Date "2022.10.04"]
[Round "7"]
[White "Guo, Philipp Ziming"]
[Black "Zöllner, Bente"]
[Result "1-0"]
[Termination "normal"]
[Board "3.7"]
[WhiteElo "1851"]
[BlackElo "1756"]
[WhiteClock "00:21:11"]
[BlackClock "00:20:36"]
[WhiteTeam "Schleswig-Holstein"]
[BlackTeam "Niedersachsen"]
[PlyCount "115"]
[WhiteFideId "16245199"]
[BlackFideId "16230523"]
[EventCountry "GER"]
[EventRounds "7"]
[EventType "team-swiss"]
[EventDate "2022.09.30"]

1. e4 {[%clk 1:30:57]} c5 {[%clk 1:30:54]} 2. Nf3 {[%clk 1:31:20]} Nc6 {[%clk
1:31:18]} 3. d4 {[%clk 1:31:38]} cxd4 {[%clk 1:31:44]} 4. Nxd4 {[%clk 1:32:01]}
Nf6 {[%clk 1:32:06]} 5. Nc3 {[%clk 1:32:26]} e5 {[%clk 1:32:24]} 6. Ndb5 {[%clk
1:32:45]} d6 {[%clk 1:32:41]} 7. Bg5 {[%clk 1:33:01]} a6 {[%clk 1:32:56]} 8.
Na3 {[%clk 1:33:19]} b5 {[%clk 1:33:15]} 9. Nd5 {[%clk 1:33:43]} Be7 {[%clk
1:33:33]} 10. Bxf6 {[%clk 1:34:05]} Bxf6 {[%clk 1:33:59]} 11. c4 {[%clk
1:34:14]} b4 {[%clk 1:33:46]} 12. Nc2 {[%clk 1:34:34]} O-O {[%clk 1:33:50]} 13.
Be2 {[%clk 1:29:47]} Bg5 {[%clk 1:32:27]} 14. O-O {[%clk 1:29:10]} a5 {[%clk
1:30:34]} 15. Qd3 {[%clk 1:24:27]} f5 {[%clk 1:26:26]} 16. Bf3 {[%clk 1:20:16]}
Be6 {[%clk 1:19:42]} 17. exf5 {[%clk 1:07:15]} Bxf5 {[%clk 1:17:37]} 18. Be4
{[%clk 1:07:38]} g6 {[%clk 1:11:54]} 19. Rad1 {[%clk 1:00:49]} Kg7 {[%clk
1:08:38]} 20. Nde3 {[%clk 0:51:07]} Bxe3 {[%clk 1:07:03]} 21. fxe3 {[%clk
0:40:47]} Bxe4 {[%clk 1:01:26]} 22. Qxe4 {[%clk 0:41:10]} Rxf1+ {[%clk
1:01:18]} 23. Rxf1 {[%clk 0:40:39]} Qd7 {[%clk 0:59:13]} 24. Qf3 {[%clk
0:37:14]} Re8 {[%clk 0:51:58]} 25. Qd5 {[%clk 0:30:55]} e4 {[%clk 0:45:10]} 26.
Rd1 {[%clk 0:23:43]} Re6 {[%clk 0:43:17]} 27. Nd4 {[%clk 0:22:54]} Nxd4 {[%clk
0:41:35]} 28. Qxd4+ {[%clk 0:23:10]} Kf7 {[%clk 0:40:10]} 29. Qh8 {[%clk
0:21:58]} Rf6 {[%clk 0:35:50]} 30. Qxh7+ {[%clk 0:21:53]} Ke6 {[%clk 0:35:16]}
31. Qxd7+ {[%clk 0:21:37]} Kxd7 {[%clk 0:35:40]} 32. Rd5 {[%clk 0:21:34]} a4
{[%clk 0:32:17]} 33. Ra5 {[%clk 0:20:16]} b3 {[%clk 0:31:58]} 34. Rxa4 {[%clk
0:19:27]} bxa2 {[%clk 0:32:12]} 35. Rxa2 {[%clk 0:19:53]} Rf8 {[%clk 0:32:11]}
36. b4 {[%clk 0:19:16]} Rc8 {[%clk 0:31:06]} 37. Rc2 {[%clk 0:19:24]} Kc6
{[%clk 0:28:12]} 38. Rd2 {[%clk 0:18:50]} Rb8 {[%clk 0:27:31]} 39. b5+ {[%clk
0:18:40]} Kc5 {[%clk 0:26:09]} 40. Rd4 {[%clk 0:18:56]} Re8 {[%clk 0:23:26]}
41. Kf2 {[%clk 0:19:13]} d5 {[%clk 0:20:09]} 42. cxd5 {[%clk 0:19:06]} Kxb5
{[%clk 0:19:49]} 43. d6 {[%clk 0:19:17]} Rd8 {[%clk 0:19:54]} 44. d7 {[%clk
0:19:41]} Kc6 {[%clk 0:20:17]} 45. Kg3 {[%clk 0:20:05]} Kc7 {[%clk 0:20:08]}
46. Kg4 {[%clk 0:19:58]} g5 {[%clk 0:20:10]} 47. g3 {[%clk 0:20:00]} Kc6 {[%clk
0:20:01]} 48. Kxg5 {[%clk 0:20:22]} Kc7 {[%clk 0:19:35]} 49. h4 {[%clk
0:20:06]} Rg8+ {[%clk 0:19:58]} 50. Kf4 {[%clk 0:20:26]} Kd8 {[%clk 0:20:19]}
51. g4 {[%clk 0:20:45]} Rg7 {[%clk 0:20:05]} 52. g5 {[%clk 0:21:01]} Rh7 {[%clk
0:20:11]} 53. Kg4 {[%clk 0:21:15]} Rf7 {[%clk 0:20:33]} 54. h5 {[%clk 0:21:20]}
Rf1 {[%clk 0:20:40]} 55. h6 {[%clk 0:21:37]} Rh1 {[%clk 0:20:46]} 56. Kf5
{[%clk 0:21:24]} Rh3 {[%clk 0:21:03]} 57. Kxe4 {[%clk 0:21:07]} Rg3 {[%clk
0:20:36]} 58. h7 {[%clk 0:21:11]} 1-0